000 00654nam a2200241Ia 4500
003 OSt
005 20221005031855.0
006 a|||||r|||| 00| 0
007 ta
008 221004b |||||||| |||| 00| 0 tam d
024 _a5703
037 _bGift, 30/07/2013,
_cTextual
040 _aCRL
_cCRL
_btam
041 _2tam
_atam
082 _aO31,6x, P6
100 _aKothandaraman
_9584423
245 0 _aTamizniyal araichi
260 _aChennai
_bPulamai Mantram India
_c2006
300 _a175p.
_ccm.
650 _aTAMIL PROSE
942 _hO31,6x, P6
_cTEXL
_2cc
999 _c938614
_d938614